000 00558nam a22001937a 4500
003 CEME
005 20210628202716.0
008 210125b xxu||||| |||| 00| 0 eng d
020 _a0-471-61951-5
040 _c.
082 _a629.474 SPA
100 _aFortescue, Peter Stark, John Swinerd, Graham
_961195
245 _aSpacecraft systems engineering
250 _a3RD
260 _aNEW DELHI
_bJOHN WILEY
_c2003
300 _aXXI,678 P
650 _aSPACE VEHICLES- DESIGN AND CONSTRUCTION, ASTRONAUTICS- SYSEMS ENGINEERING
_961196
942 _cBK
_2ddc
999 _c570730
_d570730